[Event "Challenge"]
[Site "http://www.queenalice.com/game.php?id=856405"]
[Date "2010.11.8"]
[Round "-"]
[White "davidlemarseillais91"]
[Black "Alain91"]
[Result "0-1"]
[WhiteElo "1860"]
[BlackElo "2123"]

1. d4 Nf6 2. Nc3 g6 3. e4 d6 4. Be2 Bg7 5. g4 h5 6. g5 Nh7 7. f4 Nc6 8. Be3 e6
9. Nf3 O-O 10. Qd2 a6 11. O-O-O Qe7 12. e5 Rd8 13. d5 dxe5 14. Nxe5 Nxe5 15.
fxe5 Bxe5 16. Bc4 b5 17. Bb3 c5 18. Qf2 c4 19. dxe6 Bxe6 20. Rxd8+ Rxd8 21. Ne4
cxb3 22. axb3 Qb7 23. Qf3 Bd5 24. Rd1 Re8 25. Nf6+ Nxf6 0-1

[Event "Challenge"]
[Site "http://www.queenalice.com/game.php?id=882598"]
[Date "2011.1.7"]
[Round "-"]
[White "davidlemarseillais91"]
[Black "Alain91"]
[Result "1/2-1/2"]
[WhiteElo "1855"]
[BlackElo "2122"]

1. Nf3 d5 2. d4 Bg4 3. e3 Nf6 4. Be2 e6 5. Nc3 Bb4 6. Qd3 a6 7. O-O O-O 8. h3
Bf5 9. Qd1 Nc6 10. Bd3 Ne4 11. Bd2 b5 12. Qe2 Qf6 13. a3 Be7 14. Bxe4 dxe4 15.
Nh2 Qg5 16. Be1 Bxh3 17. f4 exf3 18. Qxf3 Bxg2 19. Qxg2 Qxe3+ 20. Bf2 Qg5 21. d5
Qxg2+ 22. Kxg2 Nd8 23. Rad1 e5 24. Ng4 f6 25. Bh4 Nf7 26. Rd3 h5 27. Nxf6+ Bxf6
28. Bxf6 gxf6 29. Rxf6 Nd6 30. Rh6 Rf5 31. Rg3+ Kf7 32. Rh7+ 1/2-1/2

[Event "Challenge"]
[Site "http://www.queenalice.com/game.php?id=900997"]
[Date "2011.2.15"]
[Round "-"]
[White "davidlemarseillais91"]
[Black "Alain91"]
[Result "0-1"]
[WhiteElo "1866"]
[BlackElo "2115"]

1. e4 e5 2. Nf3 Nf6 3. Bc4 Nxe4 4. Nxe5 d5 5. Be2 Bd6 6. d4 Qe7 7. Bf4 f6 8. Nd3
O-O 9. O-O Nc6 10. c3 Re8 11. g3 Nxg3 12. fxg3 Qxe2 13. Bxd6 Bg4 14. Qxe2 Bxe2
15. Re1 Bxd3 16. Rxe8+ Rxe8 17. Bxc7 Re1+ 18. Kf2 Rxb1 19. Rxb1 Bxb1 20. a3 h5
21. Bf4 g5 22. Bd2 Na5 23. h3 Kg7 24. b4 Nc4 25. Bc1 Be4 0-1

[Event "Challenge"]
[Site "http://www.queenalice.com/game.php?id=932653"]
[Date "2011.5.1"]
[Round "-"]
[White "davidlemarseillais91"]
[Black "Alain91"]
[Result "0-1"]
[WhiteElo "1860"]
[BlackElo "2153"]

1. Nf3 d5 2. d4 Nf6 3. Nc3 g6 4. e3 Bg4 5. Be2 Bg7 6. O-O O-O 7. Qd3 Nc6 8. a3
a6 9. h3 Bf5 10. Qd2 Ne4 11. Nxe4 dxe4 12. Nh2 Qd7 13. Ng4 h5 14. Nh2 Qd6 15. c4
b6 16. b3 Na5 17. Bb2 Nxb3 18. Qc3 Nxa1 19. Rxa1 c5 20. Rd1 Rfd8 21. g4 hxg4 22.
hxg4 Bd7 23. Qc2 f5 24. dxc5 Qxc5 25. Rd5 Qc8 26. Bxg7 Kxg7 27. Qc3+ Kf7 28. Re5
Qc6 29. Qb4 Be6 30. c5 b5 31. f3 Bc4 32. Bxc4+ bxc4 33. Qxc4+ Kf6 34. f4 Qd7 35.
g5+ Kg7 36. Qc3 Kf7 37. Qc4+ e6 38. Qc3 Qd1+ 39. Nf1 Qg4+ 40. Kf2 Qf3+ 41. Kg1
Rd1 42. Qc4 Qg3+ 43. Kh1 Rh8# 0-1

[Event "Challenge"]
[Site "http://www.queenalice.com/game.php?id=1022253"]
[Date "2012.1.31"]
[Round "-"]
[White "davidlemarseillais91"]
[Black "charles31"]
[Result "1-0"]
[WhiteElo "1831"]
[BlackElo "1724"]

1. Nf3 Nc6 2. e4 e5 3. Nc3 a6 4. Bc4 h6 5. d4 d6 6. d5 Na5 7. Bd3 Bg4 8. b4 c5
9. Bd2 cxb4 10. Na4 b5 11. Nb2 Nf6 12. a3 bxa3 13. Rxa3 Nb7 14. O-O Nc5 15. Re1
Bh5 16. Bb4 Qc8 17. Qd2 Bxf3 18. gxf3 Be7 19. Rea1 Qb7 20. Qe2 Kd7 21. Kh1 Na4
22. Nxa4 bxa4 23. Rxa4 Nh5 24. Bxa6 Qb6 25. Bb5+ Kc7 26. Rxa8 Rxa8 27. Rxa8 Qd4
28. Ba5+ Kb7 29. Bc6# 1-0

[Event "Challenge"]
[Site "http://www.queenalice.com/game.php?id=1035858"]
[Date "2012.3.4"]
[Round "-"]
[White "davidlemarseillais91"]
[Black "Alain91"]
[Result "0-1"]
[WhiteElo "1843"]
[BlackElo "2158"]

1. Nf3 d5 2. d4 Nf6 3. Nc3 Bg4 4. e3 e6 5. Be2 Bb4 6. Bd2 Nc6 7. h3 Bf5 8. a3
Bxc3 9. Bxc3 O-O 10. Bd3 Ne4 11. Bxe4 dxe4 12. Nd2 Qg5 13. g4 Bg6 14. Qe2 a5 15.
O-O-O b5 16. f3 b4 17. f4 Qe7 18. axb4 axb4 19. Qb5 Qd6 20. Nc4 Qd5 21. Qxd5
exd5 22. Be1 dxc4 23. d5 Ne7 24. f5 Bxf5 25. gxf5 Nxf5 26. Bxb4 Rfd8 27. Rhe1
Ra1+ 28. Kd2 Rxd5+ 29. Ke2 Ng3+ 30. Kf2 Raxd1 31. Rxd1 Rxd1 32. Kxg3 f5 33. Kf4
g6 34. c3 Kf7 35. Ke5 c6 0-1

[Event "Challenge"]
[Site "http://www.queenalice.com/game.php?id=1046133"]
[Date "2012.4.5"]
[Round "-"]
[White "davidlemarseillais91"]
[Black "charles31"]
[Result "0-1"]
[WhiteElo "1833"]
[BlackElo "1817"]

1. Nf3 Nc6 2. e4 a6 3. d4 d5 4. e5 Bg4 5. Bf4 e6 6. Be2 h6 7. a3 Bxf3 8. Bxf3
Be7 9. b4 Qd7 10. O-O g5 11. Be3 f6 12. Qd3 f5 13. Bh5+ Kd8 14. Nc3 g4 15. f3
gxf3 16. Rxf3 Bg5 17. Raf1 Qg7 18. g3 Nge7 19. h3 Rg8 20. Kh2 Bh4 21. Qd2 Bxg3+
22. Kh1 f4 23. Bxf4 Bxf4 24. Rxf4 Kd7 25. Rg4 Qh7 26. Rf7 Qh8 27. Qf4 Rxg4 28.
Bxg4 h5 29. Bf3 Nd8 30. Rf6 a5 31. b5 b6 32. Qg5 h4 33. Qg4 c6 34. bxc6+ Nexc6
35. Nxd5 Rb8 36. c3 Rb7 37. Rg6 b5 38. Rg7+ Kc8 39. Rg8 Qh7 40. Qxe6+ Kb8 41.
Bg4 Qb1+ 42. Kh2 Qa2+ 43. Kg1 Ka7 44. Qc8 Qxd5 45. Qf5 b4 46. Qc8 Qxg8 47. Kh2
Qa2+ 48. Kh1 bxc3 49. Bd7 Rb1# 0-1

[Event "Challenge"]
[Site "http://www.queenalice.com/game.php?id=1062116"]
[Date "2012.5.21"]
[Round "-"]
[White "davidlemarseillais91"]
[Black "Rafale2000"]
[Result "0-1"]
[WhiteElo "1840"]
[BlackElo "2071"]

1. d4 Nf6 2. Nc3 d5 3. e3 Bf5 4. Bd3 Ne4 5. Nf3 Nxc3 6. bxc3 Bxd3 7. Qxd3 e6 8.
Bb2 c5 9. c4 Nc6 10. c3 Be7 11. a3 Qb6 12. Rb1 cxd4 13. c5 Bxc5 14. exd4 Be7 15.
O-O O-O 16. Ne5 Nxe5 17. dxe5 Qc5 18. Qg3 Rac8 19. Kh1 Qc4 20. f4 Rc5 21. Rf3
Qa2 22. Qe1 Rfc8 23. Rg3 Bh4 24. h3 Bxg3 25. Qxg3 Qxb1+ 26. Kh2 Qxb2 0-1

[Event "Challenge"]
[Site "http://www.queenalice.com/game.php?id=1079135"]
[Date "2012.7.4"]
[Round "-"]
[White "davidlemarseillais91"]
[Black "Alain91"]
[Result "0-1"]
[WhiteElo "1816"]
[BlackElo "2161"]

1. e4 e5 2. Nf3 Nc6 3. d3 Bc5 4. g3 d6 5. Bg2 Bg4 6. O-O h6 7. Re1 Qf6 8. Nbd2
Nge7 9. c3 a6 10. h3 Bh5 11. a3 g5 12. g4 Bg6 13. b4 Ba7 14. Qb3 h5 15. Nc4 hxg4
16. Bxg5 Qg7 17. Nxd6+ cxd6 18. Bxe7 Kxe7 19. Ng5 Qf6 20. b5 Qxf2+ 21. Kh1 gxh3
22. Nxh3 Rxh3+ 23. Bxh3 Qf3+ 24. Kh2 Rh8 25. bxc6 Rxh3# 0-1